| 000 | 00483nam a2200133 4500 | ||
|---|---|---|---|
| 008 | 02001 0a 000 0MEX | ||
| 050 | _aTP155 M6 B4 2001 | ||
| 082 | _a620.106 B4c | ||
| 100 | _aBenítez Linares, J Guadalupe | ||
| 245 | _aC lculos de la potencia en tanques agitados / J Guadalupe Benítez Linares | ||
| 300 | _a64 p. / 29 cm. | ||
| 502 | _aMonografía. Opción. V. I.T.Z. (Química) M.C. Jorge Rosales Perez | ||
| 650 | _a1.DIMENSIONES \ 2.METODO DE BUCKINGHAM | ||
| 999 |
_c17633 _d17633 |
||